000 00597pab a2200193 454500
008 180718b2017 xxu||||| |||| 00| 0 eng d
100 _aMartini, Mattia
245 _aAddressing information needs in employment services provision in Italy: the role of codesign networks
260 _c2017
300 _ap.588-597.
362 _aJun
650 _aEmployment services - Italy
650 _aLabour market - Italy
650 _aLabour market
700 _aTrivellato, Benedetta
700 _aAndreani, Martino
773 _aInternational Journal of Public Administration
909 _a115347
999 _c115341
_d115341